| 000 | 00387nam a22001457a 4500 | ||
|---|---|---|---|
| 003 | NUST | ||
| 005 | 20240226141312.0 | ||
| 082 | _a005.1 | ||
| 100 |
_aSirshar, Mehreen (MSCS-15) _9121334 |
||
| 245 |
_aHead pose estimation through real time head trackig / _cMehreen Sirshar |
||
| 260 |
_aRawalpindi _bMCS _c2012 |
||
| 300 | _ax , 52 p | ||
| 650 |
_aMSCS Thesis _935347 |
||
| 942 |
_2ddc _cTHE |
||
| 999 |
_c608215 _d608215 |
||